000 00585nam a2200193 a 4500
001 10300
003 CO-ViMGA
008 141112s2004 ck r 000 u spa d
020 _a9589649416
040 _aCO-ViMGA
_bspa
_cCO-ViMGA
082 0 4 _a634.974 O763p
100 1 _aOspina Bozzi ; Martha luz, Ochoa Jaramillo Doris ,
_94097
245 1 0 _aLa Palma Africana en Colombia :
_bApuntes y memorias
260 _aBogotá :
_bLibro Voluntad,
_c1987
300 _a2 vols.
650 1 4 _aPALMA AFRICANA - COLOMBIA
_94098
650 1 4 _aPALMAS OLEAGINOSAS - CULTIVO
_94099
942 _2ddc
_cBK
999 _c10179
_d10179